|
|
|
|
| LEADER |
00000nas a2200000 a 4500 |
| 001 |
ssj0000395738 |
| 003 |
WaSeSS |
| 005 |
20200512172242.0 |
| 006 |
m d |
| 007 |
cr n |
| 008 |
090708c20089999nz x s 0 a0eng |
| 010 |
|
|
|a 2011247769
|
| 016 |
7 |
|
|a 101543449
|2 DNLM
|
| 022 |
|
|
|a 1178-7015
|l 1178-7015
|
| 035 |
|
|
|a (WaSeSS)ssj0000395738
|
| 037 |
|
|
|b Dove Medical Press Ltd., Beechfield House, Winterton Way, Macclesfield, SK11 0JL United Kingdom
|
| 040 |
|
|
|a FQM
|b eng
|c FQM
|d OCLCQ
|d NZ1
|d PFM
|d NLM
|d TXA
|d CUS
|d OCLCQ
|d OCLCF
|d OCLCO
|d EUW
|d OCLCO
|d OCLCQ
|d OCLCO
|d OCLCQ
|d CASUM
|d OCLCO
|d OCLCQ
|d OCLCA
|d OCLCO
|d OCLCA
|d WT2
|d OCLCQ
|d AU@
|d OCLCA
|d OCLCQ
|d WaSeSS
|
| 042 |
|
|
|a pcc
|
| 050 |
1 |
4 |
|a RL1
|b .C45
|
| 060 |
1 |
0 |
|a W1
|
| 082 |
0 |
4 |
|a 616.5005
|2 22
|
| 210 |
1 |
0 |
|a Clin Cosmet Investig Dermatol
|2 dnlm
|
| 210 |
1 |
|
|a Clin. cosmet. investig. dermatol.
|
| 222 |
|
0 |
|a Clinical, cosmetic and investigational dermatology
|
| 245 |
0 |
0 |
|a Clinical, cosmetic and investigational dermatology
|h [electronic resource].
|
| 246 |
1 |
3 |
|a CCID
|
| 260 |
|
|
|a Auckland, NZ :
|b Dove Medical Press Ltd.,
|c ©2008-
|
| 310 |
|
|
|a Irregular
|
| 362 |
1 |
|
|a Began with: Vol. 1 (2008).
|
| 506 |
|
|
|a License restrictions may limit access.
|
| 515 |
|
|
|a Articles added irregularly and compiled into annual volumes.
|
| 588 |
0 |
|
|a Vol. 1 (2008); title from PDF article running title (PubMed, viewed Aug. 30, 2011).
|
| 588 |
1 |
|
|a Vol. 4 (2011) (PubMed, viewed Aug. 30, 2011).
|
| 650 |
|
0 |
|a Dermatology
|v Periodicals.
|
| 650 |
|
0 |
|a Skin
|x Diseases
|v Periodicals.
|
| 650 |
|
0 |
|a Surgery, Plastic
|v Periodicals.
|
| 650 |
|
7 |
|a Dermatology.
|2 fast
|0 (OCoLC)fst00891059
|
| 650 |
|
7 |
|a Skin
|x Diseases.
|2 fast
|0 (OCoLC)fst01120068
|
| 650 |
|
7 |
|a Surgery, Plastic.
|2 fast
|0 (OCoLC)fst01139417
|
| 650 |
|
2 |
|a Skin Diseases.
|
| 650 |
|
2 |
|a Surgery, Plastic.
|
| 655 |
|
0 |
|a Electronic journals.
|
| 856 |
4 |
0 |
|z Full text available from Research Library: 01/01/2008 to present
|u https://search.proquest.com/publication/3933178
|